[Event "II Duchamp Open 2018"]
[Site "Rio de Janeiro"]
[Date "2018.11.20"]
[Round "8"]
[White "Urquiza, Marcello de Albuque"]
[Black "Okamura, Milton Kasuo"]
[Result "1/2-1/2"]
[WhiteElo "2018"]
[BlackElo "2038"]
[Annotator "NA RC"]
[PlyCount "110"]
[EventDate "2018.11.14"]
[EventType "swiss"]
[EventCountry "BRA"]
[SourceTitle "playchess.com"]
[Source "ChessBase"]
[SourceQuality "1"]
[TimeControl "5400+30"]

{[%evp 9,110,14,31,14,12,9,12,8,60,58,57,55,65,48,59,54,77,63,113,87,94,61,60,105,111,116,101,111,136,118,137,109,198,143,227,191,226,231,249,191,239,216,332,281,351,352,342,0,181,102,104,89,32767,32767,32767,32767,95,59,85,62,67,72,98,23,117,0,0,0,0,-2,0,0,0,0,-8,0,0,0,0,-8,0,-11,0,0,0,0,0,-69,0,-71,-46,-86,-84,-71,0,0,0,0,0,0,0,0,0]} 1. e4 {[%emt 0:00:00]} c5 {[%emt 0:00:00]} 2. Nf3 {[%emt 0:00:00]} e6 {[%emt 0:00:00]} 3. d4 {[%emt 0:00:00]} cxd4 {[%emt 0:00:00]} 4. Nxd4 {[%emt 0:00:11]} Nc6 {[%emt 0:00:00]} 5. Nb5 {[%emt 0:03:42]} d6 {[%emt 0:00:18]} 6. c4 {[%emt 0:01:37]} Nf6 {[%emt 0:01:50]} 7. N1c3 {[%emt 0:00:24]} a6 {[%emt 0:00:30]} 8. Nd4 {[%emt 0:00:17]} Qc7 {[%emt 0:02:12]} 9. Be2 {[%emt 0:00:32]} Ne5 {[%emt 0:01:49]} 10. Be3 {[%emt 0:09:02]} Be7 {[%emt 0:02:41]} 11. Rc1 {[%emt 0:00:33]} O-O {[%emt 0:00:20]} 12. O-O {[%emt 0:00:08]} b6 {[%emt 0:00:21]} 13. f4 {[%emt 0:05:52]} Ned7 {[%emt 0:03:02]} 14. Bf3 {[%emt 0:03:50]} Bb7 {[%emt 0:00:51]} 15. Qe2 {[%emt 0:00:43]} Rfe8 {[%emt 0:00:42] LiveBook: 3 Games [#] B41: Sicilian: Kan Variation: 5 c4} 16. g4 $1 {[%emt 0:10:08]} Nf8 {[%emt 0:28:56]} (16... Nc5 17. Bf2 e5 18. fxe5 dxe5 19. Nf5 Bd8 20. Nd5 Qb8 21. Bxc5 bxc5 22. Bg2 Nd7 23. Qf2 {0-1 (51) Milos,G (2620)-Morozevich,A (2748) Internet 2000}) 17. g5 {[%emt 0:08:08]} N6d7 {[%emt 0:00:07]} 18. h4 {[%emt 0:00:18]} Rac8 {[%emt 0:02:24]} 19. b3 $146 {[%emt 0:00:52]} ({Predecessor:} 19. Qf2 Qb8 20. b3 Nc5 21. Rfd1 Qa8 22. Qg2 Ng6 23. Qh1 {0-1 (61) Geller,A (2265)-Levin,F (2320) Belgorod 1989}) 19... Qb8 {[%emt 0:02:19]} 20. Qg2 {[%emt 0:07:43]} Nc5 {[%emt 0:03:53]} (20... e5 $16 {keeps fighting.}) 21. f5 {[%emt 0:05:32]} Nd3 {[%emt 0:01:19]} (21... Bd8 $16 22. f6 Ng6) 22. f6 {[%emt 0:01:22]} Bd8 {[%emt 0:00:11]} 23. fxg7 {[%emt 0:02:46]} Kxg7 {[%emt 0:04:25]} 24. Rc2 {[%emt 0:07:54]} Ne5 {[%emt 0:11:18]} 25. Rcf2 {[%emt 0:02:35]} b5 {[%emt 0:01:11]} (25... Rc7 $142 26. Be2 Kg8) 26. Bh5 {[%emt 0:07:05]} Nfg6 {[%emt 0:01:35]} 27. Bxg6 {[%emt 0:00:29]} hxg6 {[%emt 0:00:28] [#]} 28. Bf4 $2 {[%emt 0:00:16]} (28. h5 $1 $18 {[%cal Rh5g6]} gxh5 29. Qh3) 28... Rf8 $2 {[%emt 0:01:04] [#]} (28... Bb6 $1 $11 {and Black stays safe.} 29. Bxe5+ (29. c5 $2 Rxc5 30. Nce2 Kg8 $19) 29... dxe5 30. Rxf7+ Kg8) 29. Bxe5+ {[%emt 0:04:43]} (29. h5 $1 $18 Qa7 30. Nce2) 29... dxe5 {[%emt 0:00:39]} 30. Nxe6+ $1 {[%emt 0:00:12] Pin} fxe6 {[%emt 0:00:09]} 31. Rxf8 {[%emt 0:00:04]} Bb6+ {[%emt 0:00:11]} 32. R8f2 {[%emt 0:00:06]} Rf8 $1 {[%emt 0:11:09] [#]} 33. Kh2 $1 {[%emt 0:00:30]} Bxf2 {[%emt 0:00:31]} 34. Rxf2 {[%emt 0:00:08]} Rf4 {[%emt 0:00:09]} 35. Rxf4 {[%emt 0:08:38]} ({Don't play} 35. cxb5 Rxh4+ 36. Kg1 axb5 $11) 35... exf4 {[%emt 0:00:03]} 36. cxb5 {[%emt 0:00:57]} axb5 {[%emt 0:04:50]} (36... Qe5 $1 $11 {keeps the balance.} 37. bxa6 Bxa6) 37. Qf3 {[%emt 0:03:37]} ({Much weaker is} 37. Nxb5 $6 Qe5 $11 {[%mdl 64] Double Attack}) (37. Qd2 $16) 37... b4 {[%emt 0:00:22]} 38. Ne2 {[%emt 0:00:19]} e5 {[%emt 0:00:10]} 39. Qd3 $1 {[%emt 0:02:03]} Qc7 {[%emt 0:01:41]} 40. Ng1 {[%emt 0:01:13]} Kf7 {[%emt 0:05:36]} 41. Nf3 {[%emt 0:00:41]} Ke7 {[%emt 0:00:08]} 42. Kg2 {[%emt 0:02:33]} Qc3 {[%emt 0:02:12]} 43. Qe2 {[%emt 0:00:59]} Ke6 {[%emt 0:01:59]} 44. Kf1 {[%emt 0:01:03]} Qc1+ {[%emt 0:02:38]} 45. Kf2 {[%emt 0:00:48]} Qc5+ {[%emt 0:00:18]} 46. Kg2 {[%emt 0:00:47]} Bc6 {[%emt 0:00:24]} 47. Nd2 {[%emt 0:00:38]} Bb5 {[%emt 0:01:27]} 48. Nc4 {[%emt 0:00:20]} (48. Qf2 $11 Qc6 49. Qa7) 48... Qd4 {[%emt 0:00:49]} 49. Kf3 {[%emt 0:00:16]} (49. Kh2 $11 {remains equal.}) 49... Qc3+ {[%emt 0:00:30]} 50. Kg2 {[%emt 0:00:55]} Qg3+ {[%emt 0:00:53]} 51. Kf1 {[%emt 0:00:11]} Qxh4 {[%emt 0:00:24]} (51... Qh3+ $17 52. Qg2 Qd3+ 53. Qe2 Qh3+ 54. Qg2 Qc3) 52. Qd3 {[%emt 0:00:20]} Qh1+ {[%emt 0:01:21]} 53. Kf2 {[%emt 0:00:48]} Qh2+ {[%emt 0:02:55]} 54. Kf1 {[%emt 0:01:01]} Qh1+ {[%emt 0:00:33]} 55. Kf2 {[%emt 0:00:21]} Qh2+ $11 {[%emt 0:00:44]} 1/2-1/2

[Event "II Duchamp Open 2018"]
[Site "Rio de Janeiro"]
[Date "2018.11.19"]
[Round "8"]
[White "Fucs, Paulo Moses"]
[Black "Reis, Virginia Lagrange M"]
[Result "1-0"]
[WhiteElo "2016"]
[BlackElo "1750"]
[Annotator "NA RC"]
[PlyCount "78"]
[EventDate "2018.11.14"]
[EventType "swiss"]
[EventCountry "BRA"]
[SourceTitle "playchess.com"]
[Source "ChessBase"]
[SourceQuality "1"]
[TimeControl "5400+30"]

{[%evp 8,74,0,-1,5,0,14,2,8,0,8,8,24,0,4,19,31,-27,0,-18,-6,-41,-18,-41,-4,-15,-23,-12,-19,-57,13,-25,-8,0,-12,-11,1,-50,-23,-80,0,-83,-74,-117,-104,-126,-128,-161,-130,-119,-134,-161,-159,-216,-227,-310,-337,-304,-340,-973,-248,-236,-258,-296,-216,-268,-156,-140,-177]} 1. e4 {[%emt 0:00:00]} c5 {[%emt 0:00:18]} 2. c4 {[%emt 0:00:04]} e5 {[%emt 0:00:23]} 3. Nc3 {[%emt 0:00:15]} Nf6 {[%emt 0:01:17]} 4. Nf3 {[%emt 0:00:46]} Nc6 {[%emt 0:00:32]} 5. d3 {[%emt 0:00:20]} d6 {[%emt 0:00:11]} 6. Be2 {[%emt 0:00:35]} Be7 {[%emt 0:00:21]} 7. O-O {[%emt 0:01:07] LiveBook: 8 Games B30: Sicilian: 2...Nc6 3 Bb5, lines without ...g6} O-O {[%emt 0:00:09]} 8. a3 {[%emt 0:01:15]} (8. Nd5 Nxd5 9. cxd5 Nb8 10. Nd2 Bg5 11. Nc4 Bxc1 12. Qxc1 b5 13. Ne3 Nd7 14. Bg4 Nb6 15. Bxc8 Rxc8 {½-½ (58) Medvegy,Z (2536)-Banusz,T (2596) Germany 2014}) 8... Ne8 {[%emt 0:01:12]} 9. Rb1 {[%emt 0:03:35]} f5 $146 {[%emt 0:01:14]} ({Predecessor:} 9... a5 10. Nd5 f5 11. Bd2 Nf6 12. Nxf6+ Rxf6 13. b4 axb4 14. axb4 b6 {1-0 (30) Aliaga Fernandez,I (2157)-Delai,P (2030) Araruama 2011}) 10. exf5 {[%emt 0:00:30]} Bxf5 {[%emt 0:00:37]} 11. b4 {[%emt 0:01:35]} b6 {[%emt 0:03:21]} 12. Be3 {[%emt 0:02:38]} (12. b5 $14 Nd4 13. Nxd4 cxd4 14. Nd5) 12... Nf6 {[%emt 0:01:10]} 13. Ne1 {[%emt 0:05:09]} Nd4 {[%emt 0:02:48]} 14. f4 {[%emt 0:04:23]} Nxe2+ {[%emt 0:01:13]} 15. Qxe2 {[%emt 0:01:13]} Bg4 {[%emt 0:07:41]} ({Better is} 15... e4 $15) 16. Nf3 {[%emt 0:04:55]} exf4 {[%emt 0:00:59]} 17. Bxf4 {[%emt 0:01:17]} Nh5 {[%emt 0:00:29]} 18. Be3 {[%emt 0:00:59]} Nf6 {[%emt 0:10:47]} ({Better is} 18... Qd7 $15) 19. Kh1 {[%emt 0:03:39]} Qe8 {[%emt 0:03:36]} 20. Bg1 {[%emt 0:01:17]} Qd7 {[%emt 0:01:47]} 21. h3 {[%emt 0:04:03]} Bh5 {[%emt 0:02:46]} 22. Rbd1 {[%emt 0:05:48]} Rae8 {[%emt 0:01:17]} 23. Qd2 {[%emt 0:00:40]} Qb7 {[%emt 0:02:31]} (23... d5 $17 24. bxc5 Bxc5) 24. Bh2 {[%emt 0:01:21]} (24. Rde1 $11) 24... d5 {[%emt 0:03:50]} 25. Nb5 {[%emt 0:08:21]} dxc4 {[%emt 0:07:08]} 26. dxc4 {[%emt 0:04:12]} Rd8 {[%emt 0:01:39]} 27. Qe2 {[%emt 0:05:30]} Rxd1 {[%emt 0:04:01]} 28. Qxd1 {[%emt 0:00:12]} cxb4 {[%emt 0:00:55]} 29. axb4 {[%emt 0:00:14]} Bxb4 {[%emt 0:00:34]} 30. Qa4 {[%emt 0:00:38]} (30. Qb1 $17 a5 31. Bd6) 30... a5 {[%emt 0:00:27]} 31. Ng5 {[%emt 0:04:34]} Ne4 {[%emt 0:02:24]} 32. Rxf8+ {[%emt 0:02:02]} Bxf8 {[%emt 0:00:31]} 33. Ne6 $2 {[%emt 0:01:08]} (33. Nxe4 Qxe4 34. Bg1) 33... Nc5 $2 {[%emt 0:02:39]} (33... Nf2+ 34. Kg1 Qe4) 34. Nxc5 {[%emt 0:02:30]} Bxc5 {[%emt 0:00:03]} 35. Bg1 {[%emt 0:05:37]} Bb4 {[%emt 0:01:20]} 36. Nd4 {[%emt 0:00:55]} h6 {[%emt 0:03:01]} 37. Qb5 {[%emt 0:00:35]} Bc5 $19 {[%emt 0:00:58]} 38. Ne6 Bxg1 39. Qxh5 {[%emt 0:04:06]} Kh8 1-0

[Event "II Duchamp Open 2018"]
[Site "Rio de Janeiro"]
[Date "2018.11.19"]
[Round "8"]
[White "Chang, Suzana"]
[Black "Lima, Darcy"]
[Result "0-1"]
[WhiteElo "1968"]
[BlackElo "2550"]
[Annotator "TA"]
[PlyCount "56"]
[EventDate "2018.11.14"]
[EventType "swiss"]
[EventCountry "BRA"]
[SourceTitle "playchess.com"]
[Source "ChessBase"]
[SourceQuality "1"]

{[%evp 16,56,39,24,27,-9,-6,-13,-6,-15,-12,-17,-8,-12,-14,-47,-39,-51,-55,-54,-56,-52,-47,-78,-64,-110,-102,-127,-120,-169,-174,-186,-166,-176,-159,-144,-155,-175,-154,-493,-467,-29998,-29999]} 1. e4 Nf6 2. Nc3 e5 3. Nf3 d6 4. d4 Nbd7 5. Be2 Be7 6. O-O c6 7. a4 O-O 8. h3 Qc7 {C41: Philidor Defence} 9. Be3 {LiveBook: 4 Games} b6 10. dxe5 (10. Re1 Re8 11. dxe5 dxe5 12. Nd2 Bb7 13. Bc4 {½-½ (28) Czupor,A (2223)-Nemeth,M (2470) Ajka 2018}) 10... dxe5 {The position is equal.} 11. Nd2 $146 ({Predecessor:} 11. Bd3 Nc5 12. Bxc5 Bxc5 13. Ne2 h6 14. Ng3 Be6 {½-½ (14) Rincon,L (1847)-Osorio Itanare,F (2232) Havana 2010}) 11... Bb7 12. Bc4 a6 {[%cal Ba7a6,Ba6b5][%mdl 32]} 13. Bb3 b5 14. axb5 axb5 15. Rxa8 Rxa8 16. Qf3 Nc5 17. Bxc5 Bxc5 18. Rd1 Qe7 19. Nf1 g6 20. Rd3 Kg7 21. Ng3 Bd4 22. Nd1 c5 $1 {[%cal Bc6c5,Bc5c4][%mdl 32] ...c4 is the strong threat.} 23. c3 c4 {[%mdl 64] Double Attack} 24. Rd2 Bc5 ({Don't play} 24... cxb3 25. cxd4 exd4 26. Rxd4 $15) 25. Bc2 Ra1 {aiming for ...b4.} 26. Kh2 h5 27. Ne3 $2 {[#]} (27. Nf1 $17 {is a better chance.}) 27... Bxe3 $1 $19 {[#]} 28. Qxe3 {[#]} (28. Nxh5+ $1 $19 {[%mdl 512]} Nxh5 29. Qxe3) 28... Ng4+ $1 {[%mdl 512] Accuracy: White = 26%, Black = 83%.} 0-1

[Event "II Duchamp Open 2018"]
[Site "Rio de Janeiro"]
[Date "2018.11.20"]
[Round "8"]
[White "Ramos, Angelo Bil"]
[Black "Torella, Rodolfo"]
[Result "1/2-1/2"]
[WhiteElo "1952"]
[BlackElo "2036"]
[Annotator "NA RC"]
[PlyCount "138"]
[EventDate "2018.11.14"]
[EventType "swiss"]
[EventCountry "BRA"]
[SourceTitle "playchess.com"]
[Source "ChessBase"]
[SourceQuality "1"]
[TimeControl "5400+30"]

{[%evp 8,138,17,-7,23,5,13,0,0,-1,-11,0,34,20,38,0,33,18,19,6,21,-22,-7,-12,-6,-3,-7,-11,0,0,56,-27,-12,-35,-31,-37,-18,-22,-17,-22,-8,-10,-5,-62,-74,-85,-62,-83,-85,-87,7,-45,-50,-63,-47,-81,0,0,0,0,37,47,37,0,0,0,162,122,210,209,32767,32767,32767,32767,32767,32767,32767,307,311,181,195,208,621,245,223,203,133,68,114,68,32767,32767,32767,32767,50,47,54,39,50,67,63,8,8,8,54,15,16,8,8,8,8,8,8,8,8,8,8,8,8,8,8,8,33,8,51,8,8,0,0,0,0,0,0]} 1. e4 {[%emt 0:00:00]} c5 {[%emt 0:00:00]} 2. Nf3 {[%emt 0:00:00]} Nc6 {[%emt 0:00:00]} 3. Bb5 {[%emt 0:00:46]} e6 {[%emt 0:00:00]} 4. Nc3 {[%emt 0:01:11]} Nge7 {[%emt 0:01:07] LiveBook: 626 Games} 5. a4 {[%emt 0:03:03]} g6 {[%emt 0:03:20]} 6. d4 {[%emt 0:02:19]} cxd4 {[%emt 0:00:21]} 7. Nxd4 {[%emt 0:00:10]} Bg7 {[%emt 0:00:13]} 8. Be3 {[%emt 0:00:19]} O-O {[%emt 0:01:05]} 9. O-O {[%emt 0:00:10]} Qc7 {[%emt 0:11:46]} 10. Be2 {[%emt 0:09:49]} a6 {[%emt 0:02:26]} 11. Qd2 {[%emt 0:12:31]} Rd8 {[%emt 0:12:05]} 12. Rad1 {[%emt 0:02:48]} d5 {[%emt 0:01:54]} 13. exd5 {[%emt 0:03:29]} Nxd5 {[%emt 0:00:25]} 14. Nxd5 {[%emt 0:09:12]} Rxd5 {[%emt 0:00:37]} 15. c3 {[%emt 0:04:49]} Nxd4 {[%emt 0:11:26]} 16. cxd4 {[%emt 0:00:21]} Bd7 {[%emt 0:05:47]} 17. Bf3 {[%emt 0:03:27]} Rd6 {[%emt 0:02:10]} 18. Qb4 {[%emt 0:04:31]} Qb6 {[%emt 0:06:32]} (18... Rb6 $11 19. Qa5 Rc6 20. Qxc7 Rxc7) 19. Qxb6 {[%emt 0:07:54]} (19. Qa3 $14) 19... Rxb6 {[%emt 0:00:02]} 20. a5 {[%emt 0:01:08]} Rxb2 {[%emt 0:07:43]} 21. Rb1 {[%emt 0:00:50]} Rb5 {[%emt 0:02:17]} 22. Bxb7 {[%emt 0:03:18]} Rb8 {[%emt 0:00:36]} 23. Be4 {[%emt 0:00:25]} Bf8 {[%emt 0:03:07]} 24. Bf4 {[%emt 0:01:49]} Rc8 {[%emt 0:06:52]} 25. Rxb5 {[%emt 0:07:27]} (25. Bb7 $11 Rc2 26. Bxa6 Rxa5 27. Bd3) 25... Bxb5 {[%emt 0:01:11]} 26. Rb1 {[%emt 0:01:17]} Rc4 {[%emt 0:03:03]} 27. Bd3 {[%emt 0:01:56]} Rxd4 {[%emt 0:01:35]} 28. Bxb5 {[%emt 0:00:16]} axb5 {[%emt 0:00:35]} (28... Rxf4 $17 29. g3 Rf5 30. Bxa6 Rxa5) 29. Be5 {[%emt 0:02:13]} ({White should try} 29. g3 $11) 29... Rd5 {[%emt 0:02:17]} 30. Bc7 {[%emt 0:03:35]} b4 {[%emt 0:01:19]} 31. Kf1 {[%emt 0:01:03]} Bc5 {[%emt 0:00:48]} (31... Rd2 $15 32. Be5 Rd5) 32. Ke2 {[%emt 0:00:14]} Kf8 {[%emt 0:00:38]} 33. a6 {[%emt 0:01:20]} Ke7 {[%emt 0:05:33]} 34. Bb8 {[%emt 0:00:17]} Rd7 {[%emt 0:01:09]} 35. Rd1 {[%emt 0:02:31]} (35. Ra1 $5 {[%cal Ra6a7]}) 35... b3 {[%emt 0:02:00]} 36. Rb1 {[%emt 0:01:25]} Ba7 $2 {[%emt 0:01:11]} (36... Rd4 $1 $11 {and Black stays safe.}) 37. Rxb3 {[%emt 0:00:18]} Bxb8 {[%emt 0:00:45]} (37... Kf6 $16) 38. Rxb8 {[%emt 0:00:09]} Kd6 {[%emt 0:00:06]} 39. Rb6+ {[%emt 0:02:04]} Ke5 {[%emt 0:01:18]} 40. Rb7 {[%emt 0:00:24]} Rd6 {[%emt 0:00:04]} 41. a7 {[%emt 0:02:01]} Ra6 {[%emt 0:00:09]} 42. Rxf7 {[%emt 0:00:21]} h5 {[%emt 0:00:11]} 43. g3 {[%emt 0:01:00]} (43. Rd7 $142) 43... g5 {[%emt 0:01:00]} 44. h3 {[%emt 0:00:50]} h4 $2 {[%emt 0:00:44]} (44... Ke4 45. Kd2 Kd5) 45. Kf3 $2 {[%emt 0:01:46]} (45. g4 Kd5 46. f4 Ra2+ 47. Ke3 gxf4+ 48. Kxf4) 45... Ra4 {[%emt 0:00:49]} 46. Kg2 {[%emt 0:01:01]} Ra3 {[%emt 0:00:29] [#]} 47. gxh4 {[%emt 0:02:26]} (47. g4 $1 $18) 47... gxh4 {[%emt 0:00:15]} 48. Rh7 {[%emt 0:00:08]} Kf5 {[%emt 0:00:35]} 49. Rxh4 {[%emt 0:00:07]} Rxa7 {[%emt 0:00:02]} 50. Rg4 {[%emt 0:00:11]} e5 {[%emt 0:00:47]} 51. f3 {[%emt 0:00:20]} Rh7 {[%emt 0:00:40]} 52. Kg3 {[%emt 0:00:10]} Rd7 {[%emt 0:00:52]} 53. h4 {[%emt 0:00:17]} Rd1 {[%emt 0:00:57]} 54. Rg5+ {[%emt 0:01:15]} (54. Rc4 $14) 54... Kf6 {[%emt 0:00:07]} 55. Kf2 {[%emt 0:02:03]} Rh1 {[%emt 0:00:24]} 56. Rh5 {[%emt 0:00:31]} Kg6 {[%emt 0:01:29]} 57. Rxe5 {[%emt 0:00:52]} Rxh4 {[%emt 0:00:03]} 58. Kg3 {[%emt 0:00:15]} Ra4 {[%emt 0:00:15]} 59. f4 {[%emt 0:00:44]} Kf6 {[%emt 0:00:39]} 60. Rb5 {[%emt 0:00:13]} Ra6 {[%emt 0:00:51]} 61. Kg4 {[%emt 0:00:12]} Rc6 {[%emt 0:01:12]} 62. Rh5 {[%emt 0:00:21]} Kg7 {[%emt 0:01:47]} 63. Rf5 {[%emt 0:00:17]} Rc1 {[%emt 0:00:29]} 64. Rd5 {[%emt 0:00:16]} Kf6 {[%emt 0:00:38]} 65. Rd6+ {[%emt 0:00:07]} Ke7 {[%emt 0:00:13]} 66. Ra6 {[%emt 0:00:10]} Rc5 {[%emt 0:00:13]} 67. f5 {[%emt 0:00:31]} Rc1 {[%emt 0:00:15]} 68. Re6+ {[%emt 0:00:26]} Kf7 {[%emt 0:00:10]} 69. Re3 {[%emt 0:01:34]} Kf6 $11 {[%emt 0:00:51]} 1/2-1/2

[Event "II Duchamp Open 2018"]
[Site "Rio de Janeiro"]
[Date "2018.11.20"]
[Round "9"]
[White "Lima, Darcy"]
[Black "Souza, Wellington"]
[Result "1-0"]
[WhiteElo "2550"]
[BlackElo "2120"]
[Annotator "TA"]
[PlyCount "95"]
[EventDate "2018.11.14"]
[EventType "swiss"]
[EventCountry "BRA"]
[SourceTitle "playchess.com"]
[Source "ChessBase"]
[SourceQuality "1"]

{[%evp 20,95,25,12,43,41,55,26,33,31,37,37,216,96,106,104,92,96,112,110,118,120,124,108,122,119,124,122,151,152,151,152,155,159,169,167,220,192,183,176,176,176,176,166,190,190,190,190,190,190,190,190,190,190,190,190,182,125,183,168,247,241,332,325,393,398,384,392,560,543,579,555,535,519,653,624,1002,706]} 1. e4 c5 2. Nf3 Nc6 3. d4 cxd4 4. Nxd4 g6 5. Be2 Bg7 6. Nb3 a5 7. a4 Nf6 8. Nc3 O-O 9. O-O Nb4 10. Bf3 d6 11. Bg5 Nd7 {B70: Sicilian Dragon: 6 g3 and 6 Be2 (without a later Be3)} 12. Be2 Nf6 13. f4 Be6 {White has an edge.} 14. Nd4 Qb6 {...Nxe4! is the strong threat.} 15. Kh1 {[#]} Nxe4 $146 (15... Bd7 $14) ({Predecessor:} 15... Ng4 16. Bxg4 Bxg4 17. Qxg4 Bxd4 18. Bxe7 Rfe8 19. Qh4 Nxc2 20. Nd5 Qa6 21. e5 f5 22. Nf6+ Kf7 23. Qxh7+ Ke6 24. Bxd6 Qxd6 25. Qxg6 Qb6 26. Nxe8+ Kd5 27. Qf7+ {1-0 (25) De la Paz Perdomo,F (2442)-Mikhalevski,V (2580) Santo Domingo 2006}) 16. Nxe4 (16. Nxe6 $18 {is the precise move to win.} Bxc3 17. Nxf8 (17. bxc3 fxe6 18. cxb4 Nxg5 $18) 17... Bxb2 18. Nd7 (18. Bxe7 Re8 $17)) 16... Qxd4 $16 17. Qxd4 Bxd4 18. c3 $1 Nc2 19. cxd4 Nxa1 20. Rxa1 f6 21. Bh4 Rac8 22. Nc3 Bc4 {With the idea ...Bxe2.} 23. Bf3 Rc7 24. Nd5 Bxd5 25. Bxd5+ Kg7 {[#]} 26. Be1 $1 {[%cal Re1a5]} b6 27. Bc3 h6 (27... Re8 $142 28. Re1 h5) 28. Kg1 Re8 29. Be6 Rd8 30. d5 Rc4 31. g3 g5 32. Kf2 gxf4 33. gxf4 Rxf4+ 34. Ke3 Rh4 35. h3 {[%mdl 1024] White has strong compensation.} Rb8 36. Bg4 h5 37. Be6 {aiming for b3.} Rc4 38. Kd3 Rf4 (38... Rc5 $16 39. Rg1+ Kh8) 39. Bd2 $18 Rf3+ {[#]} (39... Rf2 {is a better defense.} 40. Rg1+ Kh7) 40. Kc4 $1 h4 41. Bc3 Kg6 42. Rg1+ Rg3 43. Rf1 Rb7 (43... Ra8 $142 44. Kb5 Rb8) 44. Kb5 {White is clearly winning.} Rc7 45. Kxb6 Rc5 46. Rf4 Rg2 47. Rxh4 Kg5 48. Rh7 {Accuracy: White = 83%, Black = 48%.} 1-0

[Event "II Duchamp Open 2018"]
[Site "Rio de Janeiro"]
[Date "2018.11.20"]
[Round "9"]
[White "Rodriguez Vila, Andres"]
[Black "Roselli Mailhe, Bernardo"]
[Result "1-0"]
[WhiteElo "2482"]
[BlackElo "2421"]
[Annotator "TA"]
[PlyCount "91"]
[EventDate "2018.11.14"]
[EventType "swiss"]
[EventCountry "BRA"]
[SourceTitle "playchess.com"]
[Source "ChessBase"]
[SourceQuality "1"]

{[%evp 19,91,-2,30,30,20,21,24,0,25,20,32,1,39,24,46,18,20,4,107,15,15,21,47,0,0,0,98,89,107,67,143,135,137,145,176,171,175,189,177,168,179,173,175,92,202,190,339,333,333,330,298,288,306,99,85,0,0,-71,160,156,378,378,378,378,362,365,378,324,301,-46,360,363,385,378]} 1. e4 e5 2. Bc4 Nf6 3. d3 Nc6 4. Nf3 Bc5 5. O-O d6 6. a4 a6 {C50: Hungarian Defence and Giuoco Pianissimo} 7. c3 Ba7 8. Na3 h6 9. Re1 O-O 10. h3 Be6 {LiveBook: 6 Games} 11. Bxe6 fxe6 12. b4 $146 {[%cal Bb2b4,Bb4b5][%mdl 32]} ({Predecessor:} 12. Be3 Qd7 13. Bxa7 Rxa7 14. Nc4 b5 15. axb5 axb5 16. Rxa7 Nxa7 {½-½ (41) Nisipeanu,L (2683)-Prohaszka,P (2607) Austria 2016}) 12... Nh5 13. b5 Ne7 14. d4 Qe8 15. Be3 Rd8 16. Nc4 Nf4 17. Rb1 (17. dxe5 Bxe3 18. Rxe3 d5 $15) 17... Neg6 18. Kh2 Qf7 (18... axb5 $11 {keeps the balance.} 19. axb5 exd4 20. cxd4 d5 21. exd5 Nxd5) 19. Ncd2 (19. dxe5 $6 dxe5 20. Nfd2 Bxe3 $11) (19. bxa6 $16 bxa6 20. Rb7 (20. dxe5 d5 $11)) 19... exd4 $11 20. cxd4 d5 21. e5 axb5 22. axb5 c5 {[#]} (22... Qf5 $11) 23. bxc6 $1 $16 bxc6 24. Qc2 Rc8 ({Better is} 24... c5 $1 $14) 25. g3 Nh5 26. Ra1 Rc7 27. Ra6 Ne7 28. Qa4 Bb8 29. Rb1 c5 30. dxc5 {Black must now prevent g4.} Nf5 31. Qa3 (31. Qb3 $18) 31... d4 (31... Ba7 $16 {keeps fighting.}) 32. Nxd4 $18 Nxe3 (32... Rd7 {was worth a try.}) 33. Qxe3 Rxc5 34. f4 (34. Rxe6 Qxf2+ 35. Qxf2 Rxf2+ 36. Kg1 Rxd2 $17) 34... Rd5 35. Nxe6 Re8 {If only Black now had time for ...Bxe5....} 36. Ne4 $2 (36. Nd4 $18 {is more deadly.}) 36... Bxe5 $16 {[#]} 37. Qb3 (37. Rbb6 $1 $16) 37... Nxf4 $1 $11 38. gxf4 (38. Rf1 $11 Rd3 39. Qb5 Rxg3 40. Nxg3 Rxe6 41. Ra4 (41. Ra8+ Kh7 $11)) 38... Bxf4+ $2 (38... Rxe6 $17 {and life is bright.} 39. Qxd5 (39. Ra8+ $2 Kh7 $19) 39... Bxf4+ 40. Kg1 Rxa6 41. Qxf7+ Kxf7) 39. Kh1 $16 Qf5 $2 {[#]} (39... Rf5 $16 40. N6c5 Be5 41. Qxf7+ Rxf7) 40. Nf6+ $1 $18 {[%mdl 512]} gxf6 (40... Qxf6 41. Qxd5) 41. Nxf4 Qe4+ 42. Ng2 {Strongly threatening Rd1.} Qd3 43. Rxf6 Kg7 {aiming for ...Qxb3.} 44. Rc6 $2 ({White should try} 44. Rf2 $18) 44... Qxb3 $4 {[%mdl 8192]} (44... Re1+ $1 $15 {stays ahead.} 45. Kh2 (45. Nxe1 {is a self mate.} Qf1+ 46. Kh2 Rd2+ 47. Kg3 Qf2+ 48. Kg4 Rd4+ 49. Kh5 Qh4#) 45... Rxb1 46. Rc7+ Kh8 47. Rc8+ Kh7 48. Rc7+ Kh8 49. Rc8+ Kh7 50. Rc7+ Kh8) 45. Rxb3 Rg5 46. Rb7+ {Accuracy: White = 45%, Black = 44%.} 1-0